01498nam a22003257a 4500003000900000005001700009007000300026008002700029020001900056040002500075082002300100100005300123245010400176260004700280300002100327500006100348500007400409504003200483505017900515590002500694650002800719650004700747650003100794700005100825942001400876952011500890952013901005956001101144999001701155DO-SdBNP20240530073937.0ta201015b2015 dr 00| 0 spa d a9789945471915. aDO-SdBNPbspacBNPHU 4222aRD864.5bG643t1 aGonzález Rodríguez, Ingrid de,d1956-97691510aTerritorios de identidad / cIngrid González de Rodríguez ; prólogo Lily Rodríguez de Eloy aSanto Domingo : bAmigo del Hogar, c2015. a206 p. ;c23 cm. aIncluye datos biográficos de la autora en las solapas  aIncluye referencias bibliográficas y notas al pie de las páginas aBibliografía : p. 203-206 aComunicación, periodismo y cultura -- Territorios de identidad -- Clásicos de la literatura universal -- Galería de autores contemporáneos -- Antología al azar. aInventariado,2020/VM 0aEnsayos dominicanos965 42LembaArtículos periodísticos 976916 0aLiteratura dominicana.9671 aRodríguez de Eloy, Lily, eprólogo976917 2ddccLBS1 00102ddc51708PDaBNPHUbBNPHUd2020-10-15oBNPHU PD RD864.5 G643tp2020-0163r2020-10-15w2020-10-15yLBS1 00102ddc51708PDaBNPHUbBNPHUcCTd2023-02-09eDonaciónl0oBNPHU PD RD864.5 G643tp2023-0776r2023-02-09te.2w2023-02-09yLBS1 aVMateo c48892d48892